<?xml version="1.0" encoding="UTF-8"?>
<record
    xmlns:xsi="http://www.w3.org/2001/XMLSchema-instance"
    xsi:schemaLocation="http://www.loc.gov/MARC21/slim http://www.loc.gov/standards/marcxml/schema/MARC21slim.xsd"
    xmlns="http://www.loc.gov/MARC21/slim">

  <leader>01766    a2200205   4500</leader>
  <controlfield tag="001">39476</controlfield>
  <controlfield tag="005">20260407155653.0</controlfield>
  <controlfield tag="008">260407a1988    arg                 spa d</controlfield>
  <controlfield tag="003">AR-UNSa-BCEJYS</controlfield>
  <datafield tag="040" ind1=" " ind2=" ">
    <subfield code="a">AR-UNSa-BCEJYS</subfield>
    <subfield code="b">spa</subfield>
    <subfield code="c">AR-UNSa-BCEJYS</subfield>
  </datafield>
  <datafield tag="080" ind1=" " ind2=" ">
    <subfield code="a">658.011.56</subfield>
    <subfield code="x">Automatizaci&#xF3;n</subfield>
  </datafield>
  <datafield tag="245" ind1="1" ind2="0">
    <subfield code="a">Sistemas de informaci&#xF3;n y gesti&#xF3;n para la administraci&#xF3;n local</subfield>
  </datafield>
  <datafield tag="020" ind1=" " ind2=" ">
    <subfield code="a">84-7088-469-7</subfield>
  </datafield>
  <datafield tag="264" ind1=" " ind2="1">
    <subfield code="a">Madrid :</subfield>
    <subfield code="b">Instituto Nacional de Administraci&#xF3;n P&#xFA;blica (INAP)</subfield>
    <subfield code="c">1988</subfield>
  </datafield>
  <datafield tag="300" ind1=" " ind2=" ">
    <subfield code="a">400 p.</subfield>
    <subfield code="c">21 cm.</subfield>
  </datafield>
  <datafield tag="505" ind1=" " ind2=" ">
    <subfield code="a">1. La administraci&#xF3;n local desde la perspectiva del tratamiento de la informaci&#xF3;n.Modelo de funcionamiento y descripci&#xF3;n de los sistemas de informaci&#xF3;n - 2. La administraci&#xF3;n local como organizaci&#xF3;n.Principales sistemas de informaci&#xF3;n y forma de gesti&#xF3;n - 3. Gesti&#xF3;n de personal - 4. Gesti&#xF3;n prespuestaria - 5. Gesti&#xF3;n de recursos f&#xED;sicos: intendencia y patrimonio - 6. Gesti&#xF3;n de recursos e indicadores de resultados - 7. Gesti&#xF3;n diaria: documentos, expedientes, circuitos y automatizaci&#xF3;n integral de oficinas - 8. El entorno sobre el que act&#xFA;a la administraci&#xF3;n: Unidades b&#xE1;sicas de informaci&#xF3;n y relaciones entre las mismas - 9. &#xC1;reas de tratamiento de la informaci&#xF3;n para la gesti&#xF3;n de la ciudad - 10. El sistema de informaci&#xF3;n territorial - 11. Est&#xE1;ndares de informaci&#xF3;n y sistemas de uso general - 12. Sistemas de informaci&#xF3;n para la gesti&#xF3;n de la infraestructura urbana - 15. Sistemas para la planificaci&#xF3;n y la programaci&#xF3;n de las actividades municipales. El conocimiento y la intervenci&#xF3;n sobre la ciudad - 17. Consecuencias de la tecnificaci&#xF3;n y la modernizaci&#xF3;n .Incidencia sobre la estructura </subfield>
  </datafield>
  <datafield tag="942" ind1=" " ind2=" ">
    <subfield code="c">BK</subfield>
  </datafield>
  <datafield tag="590" ind1=" " ind2=" ">
    <subfield code="a">niveau_biblio:m niveau_hierar:0</subfield>
  </datafield>
  <datafield tag="100" ind1="1" ind2=" ">
    <subfield code="a">Forn I Foxa, Manuel de</subfield>
  </datafield>
  <datafield tag="999" ind1=" " ind2=" ">
    <subfield code="c">3054</subfield>
    <subfield code="d">3054</subfield>
  </datafield>
  <datafield tag="952" ind1=" " ind2=" ">
    <subfield code="0">0</subfield>
    <subfield code="1">0</subfield>
    <subfield code="4">0</subfield>
    <subfield code="7">0</subfield>
    <subfield code="a">BCEJYS</subfield>
    <subfield code="b">BCEJYS</subfield>
    <subfield code="c">16</subfield>
    <subfield code="d">2026-04-07</subfield>
    <subfield code="l">0</subfield>
    <subfield code="o">658.011.56 F727</subfield>
    <subfield code="p">L58256</subfield>
    <subfield code="r">2026-04-07 15:56:53</subfield>
    <subfield code="w">2026-04-07</subfield>
    <subfield code="y">L</subfield>
  </datafield>
</record>
